000 00454nam a2200169Ia 4500
005 20250508153525.0
008 008 250505s9999 xx 000 0 eng d
037 _aBooks to be hide in OPAC
040 _aFEDL
_beng
_cFEDL
041 _aeng
_2eng
084 _a350, GRE/O
_qFEDL
245 0 _aCivil service openings for juniors
300 _a32p.
490 _aChoice of careers
942 _cHB
_h350, GRE/O
999 _c1343487
_d1343487